书目信息 |
| 题名: |
法国行政法
|
|
| 作者: | 王名扬 | |
| 分册: | ||
| 出版信息: | 北京 中国政法大学出版社 1997 |
|
| 页数: | 791 | |
| 开本: | 20cm | |
| 丛书名: | ||
| 单 册: | ||
| 中图分类: | D9 | |
| 科图分类: | ||
| 主题词: | 法律 | |
| 电子资源: | ||
| ISBN: | 7-5620-0268-1 | |
| 000 | 00484nam0 2200181 450 | |
| 001 | 2637158219 | |
| 005 | 20260413101950.12 | |
| 010 | @a7-5620-0268-1@d29 | |
| 100 | @a20070904d km y0chiy0120 ea | |
| 101 | 0 | @achi |
| 200 | 1 | @a法国行政法@Afa guo xing zheng fa@f王名扬@Fwang ming yang |
| 210 | @a北京@c中国政法大学出版社@d1997 | |
| 215 | @a791@d20cm | |
| 606 | 0 | @a法律 |
| 690 | @aD9@v3 | |
| 701 | 0 | @a王名扬@Awang ming yang |
| 801 | 0 | @aCN@bPFT@c20070904 |
| 905 | @a213230@dD9@eZW44@f1 | |
| 法国行政法/王名扬.-北京:中国政法大学出版社,1997 |
| 791;20cm |
| ISBN 7-5620-0268-1:29 |
| ● |
| 相关链接 |
|
|
|
|
正题名:法国行政法
索取号:D9/ZW44
 
预约/预借
| 序号 | 登录号 | 条形码 | 馆藏地/架位号 | 状态 | 备注 |
| 1 | 1442691 | 214426913 | 密集书库-文学院/ [索取号:D9/ZW44] | 在馆 |